000 00465nam a2200181Ia 4500
001 23462
005 20260414150938.0
008 260414t2016||||xx |||||||||||||| ||spa||
041 _aESP
082 _a650.01513
_bV21
100 _aValera Moreno, Rafael
_eAUT
245 0 _aMatemáticas financiera :
_bconceptos, problemas y aplicaciones
260 _c2016
300 _a356 páginas :
_c22 cm.
650 _aGEN
654 _aCCO
942 _cLIB
_dJUS
_fJUS
_2ddc
_n
999 _c23462
_d23462